000 00684cab a2200241 4500
001 ABS57155
008 090401t1997 xxu||||| |||| 00| 0 eng d
035 _a(Sirsi) u98464
041 _aeng
100 _aBrymer, S.
245 _aCommercial leasing: rei interitus
260 _c1997
350 _a0
490 _aProperty Law
_v(27) June 1997, 6-8(3)
520 _aDescribes the common law principle of Rei Interitus, and its use in commercial leases.
650 _aCOMMERCIAL LEASES
650 _aLANDLORD AND TENANT
_96252
650 _aREI INTERITUS
650 _aSCOTS LAW
690 _aLANDLORD AND TENANT-BUSINESS TENANCIES
942 _n0
948 _c12/06/1997
999 _c59850
_d59850